Štúdium účinku plazmových úprav na historické textilné materiály

Saved in:
Bibliographic Details
Main Author: Žemberyová, Jana (Author)
Other Authors: Reháková, Milena (Thesis advisor)
Format: Manuscript Book
Language:Slovak
Published: 2018
Subjects:
Online Access:http://is.stuba.sk/zp/portal_zp.pl?podrobnosti=140035
Tags: Add Tag
No Tags, Be the first to tag this record!

MARC

LEADER 00000ntm a22000003a 4500
001 stuzp69962
003 SK-STU
005 20180623211244.3
007 ta
008 150427s2015----xo-----f-mn---000-0-slo-d
040 |a STU  |b slo 
041 0 |a slo 
100 1 |a Žemberyová, Jana  |u 049160  |4 aut  |U FCHPT Ústav prírodných a syntetických polymérov  |T FCHPT Oddelenie polygrafie a aplikovanej fotochémie  |X 76596  |U C9160  |Y 127  |7 76596 
242 0 1 |a Study of the effect of plasma treatments on historical textile materials  |y eng 
245 1 0 |a Štúdium účinku plazmových úprav na historické textilné materiály 
260 |c 2018 
650 4 |a kultúrne dedičstvo  |2 slo 
650 4 |a čistenie  |2 slo 
650 4 |a plazma  |2 slo 
650 4 |a hodváb  |2 slo 
650 4 |a cultural heritage  |2 eng 
650 4 |a cleaning  |2 eng 
650 4 |a plasma  |2 eng 
650 4 |a silk  |2 eng 
700 1 |a Reháková, Milena  |u 049160  |k Z1  |4 ths  |U FCHPT Ústav prírodných a syntetických polymérov  |T FCHPT Oddelenie polygrafie a aplikovanej fotochémie  |X 3378  |U C9160  |Y 127  |7 A000003378 
856 4 |u http://is.stuba.sk/zp/portal_zp.pl?podrobnosti=140035